[Event "Madrid-chT 1011"]
[Site "Madrid"]
[Date "2011.03.13"]
[Round "13.14"]
[White "Nieto de la Cruz, Julio"]
[Black "Taboas Rodriguez, Daniel"]
[Result "0-1"]
[WhiteElo "2135"]
[BlackElo "2366"]
[PlyCount "86"]
[EventDate "2010.11.21"]
[EventType "team-tourn"]
[EventRounds "14"]
[EventCountry "ESP"]
[SourceTitle "EXT 2012"]
[Source "ChessBase"]
[SourceDate "2011.11.24"]
[SourceVersion "1"]
[SourceVersionDate "2011.11.24"]
[SourceQuality "1"]
[WhiteTeam "Pueblo Nuevo"]
[BlackTeam "Leganes"]
[WhiteTeamCountry "ESP"]
[BlackTeamCountry "ESP"]

1. d4 Nf6 2. c4 d6 3. Nc3 e5 4. Nf3 Nbd7 5. e4 g6 6. g3 Bg7 7. Bg2 0-0 8. 0-0 Re8 9. h3 exd4 10. Nxd4 Nc5 11. Re1 a5 12. Ndb5 Be6 13. e5 dxe5 14. Qxd8 Rexd8 15. Nxc7 Rac8 16. Nxe6 Nxe6 17. Bxb7 Rxc4 18. Ba6 Rc6 19. Bb5 Rc5 20. Be3 Nd4 21. Red1 Nd5 22. a4 Nxc3 23. bxc3 Rxc3 24. Rdc1 Rdc8 25. Kf1 Nc2 26. Bd2 R3c5 27. Rab1 e4 28. Kg1 Bd4 29. Rb3 h5 30. Rcb1 Bc3 31. Bxc3 Rxc3 32. Rxc3 Rxc3 33. Rc1 Kf8 34. Kh2 Ke7 35. Be2 Rc6 36. Bb5 Rc5 37. Rd1 Na3 38. Bf1 f5 39. Rd2 Rc2 40. Rd5 Rxf2+ 41. Kg1 Rf3 42. Kg2 Nc2 43. Re5+ Kf6 0-1